Экспериментальное исследование закрученных потоков с формированием крупномасштабных вихревых структур: автореферат диссертации на соискание ученой степени доктора физико-математических наук; Спец. 01.04.14

Xehetasun bibliografikoak
Egile nagusia: Шторк С. И. Сергей Иванович
Erakunde egilea: Российская академия наук (РАН) Сибирское отделение (СО) Институт теплофизики им. С. С. Кутателадзе (ИТ)
Gaia:Защита сост. 05.08.2015 г.
Hizkuntza:errusiera
Argitaratua: Новосибирск, [Б. и.], 2015
Gaiak:
Formatua: Liburua
KOHA link:https://koha.lib.tpu.ru/cgi-bin/koha/opac-detail.pl?biblionumber=307316

MARC

LEADER 00000nam0a2200000 4500
001 307316
005 20231102002000.0
035 |a (RuTPU)RU\TPU\book\332609 
090 |a 307316 
100 |a 20151019d2015 k y0rusy50 ca 
101 0 |a rus 
102 |a RU 
105 |a a dm 001zy 
200 1 |a Экспериментальное исследование закрученных потоков с формированием крупномасштабных вихревых структур  |e автореферат диссертации на соискание ученой степени доктора физико-математических наук  |e Спец. 01.04.14  |f С. И. Шторк  |g Российская академия наук (РАН), Сибирское отделение (СО), Институт теплофизики им. С. С. Кутателадзе (ИТ) 
210 |a Новосибирск  |c [Б. и.]  |d 2015 
215 |a 41 с.  |c ил. 
300 |a Защита сост. 05.08.2015 г. 
320 |a Библиогр.: с. 40-41 (27 назв.). 
606 1 |a Вихревые структуры  |2 stltpush  |3 (RuTPU)RU\TPU\subj\66084  |9 82314 
610 1 |a физика 
610 1 |a гидродинамика 
610 1 |a закрученные потоки 
610 1 |a вихревые камеры 
610 1 |a вихри 
610 1 |a экспериментальные исследования 
610 1 |a авторефераты диссертаций 
675 |a 532.517.4(04)  |v 3 
686 |a 01.04.14  |2 oksvnk 
700 1 |a Шторк  |b С. И.  |g Сергей Иванович 
712 0 2 |a Российская академия наук (РАН)  |b Сибирское отделение (СО)  |b Институт теплофизики им. С. С. Кутателадзе (ИТ)  |c (Новосибирск)  |2 stltpush  |3 (RuTPU)RU\TPU\col\13430 
801 1 |a RU  |b 63413507  |c 20151019 
801 2 |a RU  |b 63413507  |c 20151027  |g RCR 
942 |c BK